000 00611nam a22001817a 4500
008 160927b xxu||||| |||| 00| 0 eng d
020 _a0321112504
050 _aQA 39.3
_b.A54 2004
100 _aAngel Allen R.
245 _aA survey of mathematics with applications/
_cAllen R. Angel, Christine D. Abbott and Dennis C. Runde
250 _a7th ed.
260 _aBoston;
_bPearson addison wesley,
_c2004.
300 _axx,825p. :ill. ;
_bInclude index.
650 _aMathematics.
700 _aabbott, Christine D.
700 _aRunde, Dennis C.
942 _2lcc
_cBOOKS
_hQA 39.3 .A54 2004
999 _c14096
_d14096